000 00894pam a2200325 i 4500
999 _c874
_d874
001 018094190
003 Uk
005 20191224134210.0
008 170130s2017 stk j 000 f eng c
015 _aGBB6F2096
_2bnb
016 7 _a018094190
_2Uk
020 _a9781781125892 (pbk.) :
035 _a(StEdNL)8708774
040 _aStDuBDS
_beng
_cStDuBDS
_dStEdNL
_dUk
_erda
042 _aukscp
082 _aFIC EAR
100 1 _aEarle, Phil,
_eauthor.
245 1 0 _aMind the gap /
_cPhil Earle.
264 1 _aEdinburgh :
_bBarrington Stoke,
_c2017.
300 _a99 pages ;
_c20 cm
336 _atext
_2rdacontent
337 _aunmediated
_2rdamedia
338 _avolume
_2rdacarrier
440 _aSuper readable YA
500 _aFormerly CIP.
_5Uk
500 _aSuper readable YA
655 0 _aHigh interest-low vocabulary books.
655 0 _aYoung adult fiction.
942 _2ddc
_cFIC